| 000 | 00955nam a2200241 a 4500 | ||
|---|---|---|---|
| 005 | 20240919064502.0 | ||
| 008 | 991125s1997 es 000 0 spa u | ||
| 020 | _a8476425066 | ||
| 035 | _aUPN01000008838 | ||
| 049 | _aCG | ||
| 050 | 4 |
_aQH541.2 _bC6.9 |
|
| 245 | 0 | 0 |
_aCómo abordar los problemas ambientales y sociales desde el aula / _cPilar Pérez Esteve ... [et al.] ; coord. Xosé Manuel Souto González. |
| 260 |
_aValencia, Esp. : _bNAU llibres, _c1997. |
||
| 300 | _a90 p. | ||
| 440 | 0 | _aGEA-CLIO | |
| 500 | _a"Proyecto GEA-CLIO conocimiento del medio (Primaria) -- Ciencias sociales, Geografía e Historia (Secundaria obligatoria)" | ||
| 650 | 4 |
_aCiencias sociales _xEstudio y enseñanza (Elemental) _92813 |
|
| 650 | 7 |
_aCiencias sociales _xEstudio y enseñanza (Secundaria) _2 _98320 |
|
| 650 | 4 |
_aEducación ambiental _94338 |
|
| 700 | 1 |
_aPérez Esteve, Pilar, _ecoaut. |
|
| 700 | 1 |
_aSouto González, Xosé Manuel, _ecoord. |
|
| 905 | _aLibro | ||
| 999 |
_c8838 _d8838 |
||